Best Movie Trilogies Ever - Statistics

General Stats
  • This quiz has been taken 39 times
  • The average score is 10 of 45
Answer Stats
Hint Answer % Correct
1. The Lord of the Rings: The Fellowship of the Ring
85%
The Lord of the Rings: The Return of the King
85%
The Lord of the Rings: The Two Towers
85%
2. The Godfather
55%
The Godfather: Part II
48%
The Godfather Part III
48%
5. Back to the Future
42%
4. Star Wars: Episode IV - A New Hope
42%
Star Wars: Episode VI - Return of the Jedi
42%
Star Wars: Episode V - The Empire Strikes Back
39%
12. Spider-Man
33%
Star Wars: Episode III - Revenge of the Sith
30%
15. Star Wars: Episode I - The Phantom Menace
30%
9. Iron Man
27%
Star Wars: Episode II - Attack of the Clones
27%
The Dark Knight
27%
Spider-Man 2
24%
Spider-Man 3
24%
7. Captain America: The First Avenger
21%
Iron Man 2
21%
Iron Man 3
21%
3. Batman Begins
18%
Captain America: Civil War
18%
Captain America: The Winter Soldier
18%
The Dark Knight Rises
18%
Back to the Future Part II
12%
Back to the Future Part III
12%
13. Men in Black
9%
8. How to Train Your Dragon
6%
Logan
6%
11. Madagascar
6%
Men in Black 3
6%
Men in Black II
6%
6. The Hobbit: An Unexpected Journey
6%
The Hobbit: The Battle of the Five Armies
6%
The Hobbit: The Desolation of Smaug
6%
The Wolverine
6%
How to Train Your Dragon 2
3%
The Chronicles of Narnia: Prince Caspian
3%
10. X-Men Origins: Wolverine
3%
How to Train Your Dragon: The Hidden World
0%
Madagascar 3: Europe’s Most Wanted
0%
Madagascar: Escape 2 Africa
0%
14. The Chronicles of Narnia: The Lion, the Witch and the Wardrobe
0%
The Chronicles of Narnia: The Voyage of the Dawn Treader
0%
No matching quizzes found
Score Distribution
Percent of People with Each Score
Percentile by Number Answered
Your Score History
You have not taken this quiz